000 00884nam a22001577a 4500
003 OSt
005 20150930143934.0
008 150930b xxu||||| |||| 00| 0 eng d
040 _cRUA
082 _aAGR SAR 2009 B063 Or.1
100 _91609
_aSAR, VENG.
245 _aEffect de la difference l'age de semis sur la crossancre et le rendement de trois varieties du riz a la station experimentale de l'universite royale d'griculture, ឥទ្ធិពលនៃអាយុសំណាបផ្សេងគ្នាទៅលើលារលូតលាស់និងទិន្នផលនៃពូជស្រូវបីប្រភេទ នៅស្ថានីយ៍ពិសោធណ៍ដំណាំនៃសាកលវិទ្យាល័យភូមិន្ទកសិកម្ម
260 _aPhnom Penh
_bRUA
_c2009
300 _ax; 55p.
_bill.
_c29cm.
942 _2ddc
_cAGR
999 _c1519
_d1519